| 000 | 01529nam a2200349 a 4500 | ||
|---|---|---|---|
| 001 | ebr10731755 | ||
| 003 | CaPaEBR | ||
| 006 | m o u | ||
| 007 | cr cn||||||||| | ||
| 008 | 130719s2013 enkao sb 000 0 eng d | ||
| 020 | _z9780470671474 | ||
| 020 | _z9780470671481 | ||
| 020 | _z9781118500477 (e-book) | ||
| 040 |
_aCaPaEBR _cCaPaEBR |
||
| 035 | _a(OCoLC)857076624 | ||
| 050 | 1 | 4 |
_aQL10 _b.R44 2013eb |
| 082 | 0 | 4 |
_a590.3 _223 |
| 100 | 1 | _aRees, Paul A. | |
| 245 | 1 | 0 |
_aDictionary of zoo biology and animal management _h[electronic resource] _ba guide to terminology used in zoo biology, animal welfare, wildlife conservation and livestock production / _cPaul A. Rees. |
| 260 |
_aChichester, West Sussex, U.K. : _bWiley-Blackwell, _cc2013. |
||
| 300 |
_a1 online resource (xii, 322 p.) : _bill., photographs. |
||
| 504 | _aIncludes bibliographical references. | ||
| 533 |
_aElectronic reproduction. _bPalo Alto, Calif. : _cebrary, _d2015. _nAvailable via World Wide Web. _nAccess may be limited to ebrary affiliated libraries. |
||
| 588 | _aDescription based on online resource; title from title page (ebrary, viewed July 19, 2013). | ||
| 650 | 0 |
_aZoology _vTerminology. |
|
| 650 | 0 |
_aWildlife conservation _vTerminology. |
|
| 650 | 0 |
_aAnimal welfare _vTerminology. |
|
| 650 | 0 |
_aLivestock _vTerminology. |
|
| 655 | 7 |
_aElectronic books. _2local |
|
| 710 | 2 | _aebrary, Inc. | |
| 856 | 4 | 0 |
_uhttp://site.ebrary.com/lib/rucke/Doc?id=10731755 _zAn electronic book accessible through the World Wide Web; click to view |
| 999 |
_c36245 _d36245 |
||